| 000 | 01171nam0a2200241 4500 | ||
|---|---|---|---|
| 001 | RU\NLR\BIBL_A\011627137 | ||
| 005 | 20230329142024.0 | ||
| 035 | _a(NLR Aleph) 011627137 | ||
| 090 |
_a11013979 _c11013979 |
||
| 100 | _a20180212d1932 m y0rusy50 ca | ||
| 101 | 0 | _achv | |
| 102 | _aRU | ||
| 105 | _ay z 000 y | ||
| 200 | 1 |
_aÇулйěр ěçне халăх хăй вăйěпе хутшăнса ěçленě чух ěçлесе памалли ěçсен пěтěм Сойусěпех пěр пек тунă нормисем _fЧăваш Респ. Çулиěр тытăмě _gред.:С. Ф. Фомин _gС. Л. Леонтийěв куçарнă |
|
| 210 |
_aШупашкар _cЧăвашсен патшалăх изд-ви _d1932 |
||
| 215 |
_a67 с. _d21 |
||
| 541 | 1 |
_aЕдиные союзные нормы выработки на дорожные работы, проводимые с трудовым участием населения _zrus |
|
| 686 | 1 | _aУ9(2)315.37-372.33 | |
| 702 | 1 |
_aФомин _bС. Ф. _f1903-1936 _gСемен Фомич _4340 |
|
| 852 |
_aNLR _bОНЛ _jЧув./3-397 |
||
| 942 | _cBOOK | ||
| 980 | _aNB | ||